Statistics for US Cities with Tallest Buildings

Click here to take the quiz!

General Stats

  • This quiz has been taken 186 times
  • The average score is 16 of 20

Answer Stats

HintAnswer% Correct
One World Trade CenterNew York
100%
Willis Tower (Sears Tower)Chicago
98%
US Bank TowerLos Angeles
93%
Transamerica PyramidSan Francisco
93%
JPMorgan Chase TowerHouston
92%
John Hancock TowerBoston
91%
Bank of America PlazaDallas
91%
Four Seasons Hotel & TowerMiami
91%
Columbia CenterSeattle
91%
Comcast CenterPhiladelphia
89%
Bank of America PlazaAtlanta
87%
Marriott at the Renaissance CenterDetroit
87%
US Steel TowerPittsburgh
76%
Key TowerCleveland
75%
IDS TowerMinneapolis
71%
Bank of America Corporate CenterCharlotte
69%
Salesforce TowerIndianapolis
65%
Devon Energy TowerOklahoma City
55%
Goldman Sachs TowerJersey City
36%
RSA Battle House TowerMobile
29%

Score Distribution

Percentile by Number Answered

Percent of People with Each Score

Your Score History

You have not taken this quiz